000
00418nam a2200169Ia 4500
008
220531s9999 xx 000 0 und d
041
_a
mar
100
_a
वै सुरेश
_9
43059
245
_a
तूच फक्त तूच
250
_a
1ST
260
_b
Geeta
_c
1999
300
_a
224
542
_d
27-06-2001
650
_a
Marathi
_9
43060
906
_d
2001-2002
_f
7982
999
_c
25622
_d
25622